000 01467nam a22003977a 4500
003 CHAP
005 20220329140044.0
008 971013s1986 r 00010 d
010 _a46317
011 _a47289
035 _a51431
040 _cCHAP
090 _aTesis
100 0 0 _aPereira Mouco, Carlos Alberto.
_987112
245 _aRespuesta de la papaya (Carica papaya L.) a la humedad aprovechable residual en el suelo al momento de riego, fertilización nitrogenada y fosfórica
260 _aChapingo, Méx. :
_bEl autor,
_c1986
300 _a164 h.
_b: gráfs.
502 _aTesis (M.C. Esp. en Hidrociencias) -- CP. Centro de Hidrociencias.
590 _aALEPH
_b10
_c20130110
_lUCH01
_h1315
590 _aBATCH-UPD
_b10
_c20130109
_lUCH01
_h2343
590 _aBATCH-UPD
_b10
_c20130110
_lUCH01
_h0226
590 _aBATCH-UPD
_b10
_c20130110
_lUCH01
_h1915
590 _aBATCH-UPD
_b10
_c20130409
_lUCH01
_h1913
590 _aBATCH-UPD
_b10
_c20130410
_lUCH01
_h1241
590 _aBATCH-UPD
_b10
_c20130914
_lUCH01
_h1425
590 _aCONVERSION
_b10
_c20130109
_lUCH01
_h1325
650 1 4 _aFósforo
_xEfecto en papaya.
_942247
650 1 4 _aNitrógeno
_xEfecto en papaya.
_981454
650 1 4 _aPapaya
_xIrrigación.
_985342
650 1 4 _aPapaya
_xRendimiento.
_985356
650 1 4 _aSuelos
_xHumedad.
_9110391
901 _aBK
942 _cFOLL
949 _bBC
_cTES
_d-115057
_eTS1
_h17696
_i51431
_si
949 _bBC
_cTES
_d33724000940417
_eTS2
_fc.2
_h17697
_i51431
_si
999 _c46317
_d46317